Coping on wome's backs: social capital-vulnerability links through a gender lens /

שמור ב:
מידע ביבליוגרפי
מחבר ראשי: Thieme, Susan
מחברים אחרים: Siegmann, Karin Astrid
פורמט: Texto
תגים: הוספת תג
אין תגיות, היה/י הראשונ/ה לתייג את הרשומה!

MARC

LEADER 00000 a a2200000 04500
001 45294
003
040
100 |a Thieme, Susan  
245 |a Coping on wome's backs:   |b social capital-vulnerability links through a gender lens /  |c Susan Thieme, Karin Astrid Siegmann  
700 |a Siegmann, Karin Astrid  
773 |g volumen58, número5 (2010)  
999 |c 39569  |d 39569